Partidos políticos y gobernabilidad /
Kaydedildi:
| Yazar: | |
|---|---|
| Materyal Türü: | Metin |
| Konular: | |
| Etiketler: |
Etiketle
Etiket eklenmemiş, İlk siz ekleyin!
|
MARC
| LEADER | 00000 a a2200000 04500 | ||
|---|---|---|---|
| 001 | 7445 | ||
| 003 | |||
| 040 | |||
| 100 | |a Alcántara Sáez, Manuel | ||
| 245 | |a Partidos políticos y gobernabilidad / |c Manuel Alcántara Sáez | ||
| 650 | |a PARTIDOS POLITICOS | ||
| 650 | |a GOBERNABILIDAD | ||
| 650 | |a DEMOCRACIA | ||
| 650 | |a SISTEMAS POLITICOS | ||
| 650 | |a SOCIEDAD CIVIL | ||
| 650 | |a PARTICIPACION POLITICA | ||
| 650 | |a GOBIERNO | ||
| 650 | |a TEORIA | ||
| 773 | |g número 3; páginas 4-16 | ||
| 999 | |c 36829 |d 36829 | ||
